000
00212 a2200097 4500
001
27946
100
_a
Wright, G
245
_a
Elementary Experiments with Lasers
260
_a
_b
Wykeham
_c
090
_c
18654
_d
18654
942
_a
NUST-CAE
_c
M
_c
9618
999
_c
263019
_d
263019